Golden's comprehensive english grammar : Learning and understanding correct usage of grammar

Bibliographic Details
Main Author: Margaret, M.
Format: Book
Published: Kuala Lumpur : Golden Books Centre , 2005
Subjects:

MARC

LEADER 00000cam a2200000 7i4500
001 0000016628
005 20080428.0
008 280408
020 |a 9837205385 
090 0 0 |a 420   |b MAR 
100 1 |a Margaret, M. 
245 1 0 |a Golden's comprehensive english grammar :   |b Learning and understanding correct usage of grammar   |c By M.Margaret 
260 |a Kuala Lumpur :   |b Golden Books Centre ,   |c 2005 
650 0 |a English language   |x Grammar 
999 |a 0001012728   |b Book   |c Adult Collection   |e Cawangan Tmn. Ungku Tun Aminah 
999 |a 0001012729   |b Book   |c Adult Collection   |e Perbadanan Perpustakaan Awam Johor 
999 |a 0001012730   |b Book   |c Adult Collection   |e Cawangan Muar